| 000 | 00515nam a2200157 a 4500 | ||
|---|---|---|---|
| 001 | 000034709 | ||
| 005 | 20230519124858.0 | ||
| 008 | 111019s1955 fr 000 0 spa d | ||
| 040 |
_aDO-SdBNP _aspa _cBNPHU |
||
| 100 | 1 |
_aPillement, Georges, _d1898-1984. _960166 |
|
| 245 | 1 | 0 |
_aPedro de Luna : _ble dernier pape d'Avignon / _cGeorges Pillement. |
| 260 |
_a[Paris] : _bHachette, _c1955. |
||
| 300 |
_a300 p. ; _c21 cm. |
||
| 590 | _aPerteneció a la biblioteca personal de Juan Isidro Jimenes Grullón | ||
| 049 | _aBNPD | ||
| 999 |
_c34200 _d34200 |
||